000 00431nam a2200145Ia 4500
008 210210b1989 xxu||||| |||| 00| 0 eng d
020 _a0 19 507910 8
082 _a302.23 MCLG
100 _aMcLUHAN (Marshall) & POWERS (Bruce R).
245 _aGlobal village transformations in world life & media in the 21st century.
260 _aNY
_bOxford University Press.
_c1989
300 _a220
690 _aJournalism
906 _a047812
999 _c97136
_d97136